000 00485nam a22001817a 4500
999 _c4953
_d4953
003 OSt
005 20181218162421.0
008 181218b ||||| |||| 00| 0 eng d
040 _cDLC
082 _a266
_bS865T
100 _aStockstill, Larry
245 _a25 Lines Around /
_cBy Larry Stockstill. [Foreword By Lester Sumrall]
260 _aLouisiana, USA :
_bHeartbeat Publishing,
_cc1992.
300 _a93 p.:
630 _aPreacher
650 _aMission
_xVision
942 _2ddc
_cBK